000 00442pab a2200157 454500
008 180718b2004 xxu||||| |||| 00| 0 eng d
100 _aRoncarolo, Franca
245 _aMediation of Italian politics and marketing of leaders' private lives
260 _c2004
300 _ap.108-17.
362 _aJan
650 _aItaly - Politics and government
650 _aPolitics and government
773 _aParliamentary Affairs
909 _a60506
999 _c60506
_d60506